| 000 | 00537nam a2200169Ia 4500 | ||
|---|---|---|---|
| 999 |
_c37090 _d37090 |
||
| 003 | OSt | ||
| 005 | 20210225113115.0 | ||
| 008 | 190216s9999||||xx |||||||||||||| ||und|| | ||
| 040 | _coclc | ||
| 082 |
_a378 _bNAI/D |
||
| 100 |
_aNair, V Karthikeyan _98484 |
||
| 245 | 0 |
_aDocumentary History Of Higher Education In Kerala / _cV Karthikeyan Nair |
|
| 260 |
_bKerala State Higher Education Council, _c2011. _aThiruvananthapuram: |
||
| 300 | _a477p | ||
| 650 | _aReferences | ||
| 942 |
_cBK _2ddc _h378 _iNAI/D _k378 _mNAI/D |
||